| 000 | 00516nam a22001691cc4500 | ||
|---|---|---|---|
| 001 | a987666126+Band3 | ||
| 035 | _aa987666126 | ||
| 008 | 170707s2014 gw |||| 000u ger d | ||
| 020 |
_a9783406669842 _9978-3-406-66984-2 |
||
| 245 | 0 | 0 |
_aGeschichte des Westens _nBand 3 _pVom Kalten Krieg zum Mauerfall |
| 264 |
_aMünchen : _bBeck, _c2014 |
||
| 246 | 1 | 2 |
_aGeschichte des Westens. Vom Kalten Krieg zum Mauerfall _nBand 3 |
| 773 | 0 | 8 |
_wa987666126 _qBand3 |
| 942 | _cMG | ||
| 040 | _cRU-10907106 | ||
| 003 | RU-10907106 | ||
| 999 |
_c46903 _d46903 |
||